000 00899nam a2200265Ia 4500
003 OSt
005 20220923211213.0
006 a|||||r|||| 00| 0
007 ta
008 220922b |||||||| |||| 00| 0 hin d
020 _a9788126314645 (hbk)
_c125
024 _a239,026
037 _b385, 29/01/2009, Vani Prakashan
_cTextual
040 _aARTS
_cARTS
_bhin
041 _2hin
_ahin
082 _aO152,3N587x, P8
100 _aमीरा कांत
_9159607
245 0 _aकागज़ी बुर्ज
246 _aKāgaज़ī burja
260 _aनयी दिल्ली
_b भारतीय ज्ञानपीठ
_c2008
300 _a151पृ.
_ccm.
490 _aलोकोदय ग्रंथमाला; 938
942 _hO152,3N587x, P8
_cTEXL
_2CC
999 _c296807
_d296807